|
|
|
|
| LEADER |
00697cam a2200229 7i4500 |
| 001 |
0000037046 |
| 005 |
20221114090000.0 |
| 007 |
##ta |
| 008 |
221114t2003 si a eng |
| 020 |
# |
# |
|a 9780794606671
|
| 040 |
# |
# |
|a MATR
|
| 090 |
0 |
# |
|a B 641.5959
|b ROH
|
| 100 |
0 |
# |
|a Rohani Jelani
|e author
|
| 245 |
1 |
0 |
|a Homestyle Malay COOKING
|c Rohani Jelani.
|
| 264 |
# |
1 |
|a Singapore:
|b Periplus Editions (HK) Ltd.,
|c 2003.
|
| 300 |
# |
# |
|a 64 pages:
|b illustrations;
|c 20 cm.
|
| 336 |
# |
# |
|a text
|2 rdacontent
|
| 337 |
# |
# |
|a unmediated
|2 rdamedia
|
| 338 |
# |
# |
|a volume
|2 rdacarrier
|
| 490 |
0 |
# |
|a Periplus Mini Cookbooks
|
| 650 |
# |
0 |
|a Cooking, Malay
|
| 999 |
|
|
|a 0000041735
|b Book
|c Book
|e Business Information Centre
|